| Tag |
First Indicator |
Second Indicator |
Subfields |
| LEADER |
00000cam a2200000 4500 |
| 001 |
in00000067115 |
| 005 |
20151008051312.0 |
| 008 |
711118s1955 nyu b 00000 eng u |
| 010 |
|
|
|a 56013700
|
| 035 |
|
|
|a (OCoLC)00172965
|
| 035 |
|
|
|9 AAG7070AM
|
| 040 |
|
|
|c WSU
|d TXA
|d UtOrBLW
|
| 049 |
|
|
|a TXAM
|c [268352]
|
| 050 |
|
0 |
|a HC60
|b .T44
|
| 092 |
|
|
|a 338.91
|b T253h
|
| 100 |
1 |
|
|a Teaf, Howard Morris,
|d 1903-
|
| 245 |
1 |
0 |
|a Hands across frontiers ;
|b case studies in technical cooperation /
|c Editors: Howard M. Teaf, Jr. [and] Peter G. Franck.
|
| 264 |
|
2 |
|a Ithaca, N.Y. :
|b Distributed by Cornell University Press,
|c 1955.
|
| 300 |
|
|
|a 579 pages
|
| 336 |
|
|
|a text
|b txt
|2 rdacontent
|
| 337 |
|
|
|a unmediated
|b n
|2 rdamedia
|
| 338 |
|
|
|a volume
|b nc
|2 rdacarrier
|
| 490 |
0 |
|
|a Publications of the Netherlands Universities Foundation for International Cooperation
|
| 504 |
|
|
|a Includes bibliographical references.
|
| 650 |
|
0 |
|a Technical assistance
|x Case studies.
|
| 700 |
1 |
|
|a Franck, Peter G.
|
| 710 |
2 |
|
|a Stichting voor Internationale Samenwerking der Nederlandse Universiteiten en Hogescholen.
|
| 999 |
|
|
|a MARS
|
| 999 |
f |
f |
|s fe29dfea-7b04-3fdf-81fd-9ec66d4246d1
|i ac7076ac-274a-354a-8a68-c2407f3385bc
|t 0
|
| 952 |
f |
f |
|p ric
|a Texas A&M University
|b Rellis Campus
|c Joint Library Facility
|d Remote Storage
|t 0
|e HC60 .T44
|h Library of Congress classification
|i unmediated -- volume
|m A14800773456
|
| 998 |
f |
f |
|a HC60 .T44
|t 0
|l Remote Storage
|